000
00269nam a2200121Ia 4500
100
_a
Gordon /G.Peisakhov
942
_c
BK
654
_a
Gas Cleaning
245
_a
Dust Collection & Gas Cleaning
260
_b
Mir Publishers
_c
1972
300
_a
463
546
_a
ENGLISH
999
_c
28937
_d
28937